000 00815nmm a2200265 a 4500
001 ocm000652743
003 TR-IsHL
005 20201028140901.0
008 131219s2002 tu tur
007 cr cn
020 _a9789753860789
035 _a652743
_b(N$T)
050 0 4 _aPL248.D46
_bA5 2002
090 0 4 _aPL248.D46
_bA5 2002
100 1 _aDemirel, Kemal
245 1 0 _aAntigone: oyun
_h[electronic resource] /
_cKemal Demirel
260 _aİstanbul :
_bYaba Yayınları,
_c2002
300 _a76 p.
650 4 _aDil ve Edebiyat
650 4 _aLanguage and Literature
650 0 _aTürk tiyatrosu
650 0 _aTurkish theater
650 7 _aLITERARY COLLECTIONS / Middle Eastern
_2bisacsh
856 4 0 _uhttp://search.ebscohost.com/login.aspx?direct=true&scope=site&db=e011xww&AN=652743
999 _c7521
_d7521